Top 5 most popular car brands - Statistics

General Stats
  • This quiz has been taken 62 times
  • The average score is 4 of 5
Answer Stats
Global Market Share 2025 Answer % Correct
4.4% Ford
95%
10.8% Toyota
91%
4% Honda
67%
5.8% Volkswagen
62%
4.3% Hyundai
60%
No matching quizzes found
Score Distribution
Percent of People with Each Score
Percentile by Number Answered
Your Score History
You have not taken this quiz